Capitales aléatoires d'Afrique. - Statistiques

Statistiques générales
  • Ce quiz a été pris 9 108 fois
    1 261 depuis la dernière actualisation
  • Le résultat moyen est 11 sur 15
Statistiques - réponses
Pays Capitale % Correct
Égypte Le Caire
98%
Maroc Rabat
96%
Algérie Alger
95%
Sénégal Dakar
95%
Tunisie Tunis
95%
Afrique du Sud Bloemfontein | Le Cap | Pretoria
94%
Djibouti Djibouti
93%
Rep. Dem. du Congo Kinshasa
92%
Guinée-Bissau Bissau
91%
Rep. du Congo Brazzaville
88%
Madagascar Antananarivo
86%
Éthiopie Addis-Abeba
85%
Kenya Nairobi
85%
Cap-Vert Praia
85%
Libye Tripoli
84%
Burkina Faso Ouagadougou
83%
Mali Bamako
82%
Côte d'Ivoire Yamoussoukro
81%
Gabon Libreville
80%
Sao Tomé et Principe Sao Tomé
80%
Cameroun Yaoundé
80%
Seychelles Victoria
79%
Bénin Porto-Novo
77%
Guinée Conakry
76%
Soudan Khartoum
76%
Togo Lomé
75%
Angola Luanda
74%
Niger Niamey
71%
Sierra Leone Freetown
70%
Ghana Accra
68%
Rep. Centrafricaine Bangui
67%
Lesotho Maseru
67%
Rwanda Kigali
66%
Érythrée Asmara
65%
Somalie Mogadiscio
64%
Guinée-Équatoriale Ciudad de la Paz
63%
Soudan du Sud Djouba
63%
Zimbabwe Harare
63%
Malawi Lilongwe
62%
Île Maurice Port Louis
62%
Liberia Monrovia
61%
Tchad Ndjamena
61%
Mauritanie Nouakchott
61%
Gambie Banjul
60%
Tanzanie Dodoma
60%
Eswatini Mbabane
59%
Comores Moroni
59%
Nigeria Abuja
55%
Mozambique Maputo
55%
Burundi Gitega
54%
Namibie Windhoek
54%
Zambie Lusaka
48%
Botswana Gaborone
46%
Ouganda Kampala
46%
Aucun quiz correspondant
Distribution des résultats
% des personnes avec chaque résultat
Percentile par nombre de réponses
Votre historique - résultats
Vous n’avez pas pris ce quiz depuis la dernière actualisation